Country Ranks: Top 15 by Area - Statistics

General Stats
  • This quiz has been taken 87 times
  • The average score is 12 of 15
Answer Stats
Hint Answer % Correct
Canada 2
98%
United States 4
95%
Russia 1
89%
Brazil 5
89%
Algeria 10
86%
China 3
86%
Saudi Arabia 12
85%
Argentina 8
85%
Australia 6
83%
India 7
82%
Kazakhstan 9
80%
Indonesia 14
79%
Mexico 13
76%
Democratic Republic of the Congo 11
62%
Sudan 15
62%
No matching quizzes found
Score Distribution
Percent of People with Each Score
Percentile by Number Answered
Your Score History
You have not taken this quiz